LIBRARY ONLINE CATALOGUE

Why the cat lives with people. (Record no. 14164)

MARC details
000 -LEADER
fixed length control field 00474nam a22001812 4500
001 - CONTROL NUMBER
control field 0000005596
005 - DATE AND TIME OF LATEST TRANSACTION
control field 20151217160108.0
008 - FIXED-LENGTH DATA ELEMENTS--GENERAL INFORMATION
fixed length control field 070619s xx 000 0 eng d
040 ## - CATALOGING SOURCE
Original cataloging agency KABU
Transcribing agency KABU
050 #0 - LIBRARY OF CONGRESS CALL NUMBER
Classification number PZ7
Item number .O4W49
100 1# - MAIN ENTRY--PERSONAL NAME
Personal name Okello, Margaret.
-- 0000156843
245 10 - TITLE STATEMENT
Title Why the cat lives with people.
260 ## - PUBLICATION, DISTRIBUTION, ETC. (IMPRINT)
Place of publication, distribution, etc. Nairobi :
Name of publisher, distributor, etc. EAEP,
Date of publication, distribution, etc. 1992.
300 ## - PHYSICAL DESCRIPTION
Extent 21 p.
908 ## - PUT COMMAND PARAMETER (RLIN)
Put command parameter 070619
950 ## - LOCAL HOLDINGS (RLIN)
-- 1
Holdings
Withdrawn status Lost status Source of classification or shelving scheme Not for loan Home library Current library Date acquired Total Checkouts Total Renewals Full call number Barcode Date last seen Date last checked out Price effective from Koha item type
    Library of Congress Classification   Kabarak, Main Campus Kabarak, Main Campus 17/12/2015 4 1 PZ7 .O4W49 002008 21/05/2024 18/04/2024 17/12/2015 Children Collection